Foundations of Atlas Rapid Ajax Development with ASP.NET 2.0 /

This book introduces a fast-track path to understanding Atlas, and how this technology can increase the power and functionality of your code while conserving time and effort. The book begins with a bare-bones introduction that explains how Atlas relates to Ajax. Microsoft Atlas is a web-client frame...

Full description

Bibliographic Details
Main Author: Moroney, Laurence (Author)
Corporate Author: SpringerLink (Online service)
Format: Electronic eBook
Language:English
Published: Berkeley, CA : Apress, 2006.
Subjects:
Online Access:Full Text via HEAL-Link
LEADER 03319nam a22004215i 4500
001 978-1-4302-0175-5
003 DE-He213
005 20151204140649.0
007 cr nn 008mamaa
008 100301s2006 xxu| s |||| 0|eng d
020 |a 9781430201755  |9 978-1-4302-0175-5 
024 7 |a 10.1007/978-1-4302-0175-5  |2 doi 
040 |d GrThAP 
050 4 |a QA76.758 
072 7 |a UMZ  |2 bicssc 
072 7 |a UL  |2 bicssc 
072 7 |a COM051230  |2 bisacsh 
082 0 4 |a 005.1  |2 23 
100 1 |a Moroney, Laurence.  |e author. 
245 1 0 |a Foundations of Atlas  |h [electronic resource] :  |b Rapid Ajax Development with ASP.NET 2.0 /  |c by Laurence Moroney. 
264 1 |a Berkeley, CA :  |b Apress,  |c 2006. 
300 |a 336 p.  |b online resource. 
336 |a text  |b txt  |2 rdacontent 
337 |a computer  |b c  |2 rdamedia 
338 |a online resource  |b cr  |2 rdacarrier 
347 |a text file  |b PDF  |2 rda 
505 0 |a Introducing Ajax -- Atlas: Taking Ajax to the Next Level -- Atlas: Making Client-Side JavaScript Easier -- Introducing Client Controls in Atlas -- Using Client Controls in Atlas -- Introducing Server Controls in Atlas -- Using Server Controls in Atlas -- Data Binding in Atlas -- Using the AtlasUIGlitz Library -- Mapping with Atlas -- Building a Sample Application with ASP.NET and Atlas. 
520 |a This book introduces a fast-track path to understanding Atlas, and how this technology can increase the power and functionality of your code while conserving time and effort. The book begins with a bare-bones introduction that explains how Atlas relates to Ajax. Microsoft Atlas is a web-client framework that makes building Ajax-style applications easier. It provides a prewritten framework that gives you a structured environment in which to work. Atlas also provides you with an object model and standardized debugging to make development faster and simpler. Ajax is a way of combining a number of Web technologies including JavaScript, dynamic HTML, and a feature known as XMLHttp (which reduces the need for client browsers to constantly reconnect to the server every time new information is downloaded). But at the moment, people developing with Ajax have to write their code from the ground up, which is complex and time consuming. The book guides you through a series of practical examples that demonstrate the Atlas framework and available controls. After reading this book, youll be able to compile a seamless Atlas-based application of your own! In anticipation of changes during development of the Atlas technology, the updated source code is posted for download on the author's blog, www.philotic.com/blog. This book demystifies the Atlas technology and shows you how to work with it. The first book dedicated to this revolutionary new technology. Written by an experienced .NET author in collaboration with the Atlas development team. 
650 0 |a Computer science. 
650 0 |a Software engineering. 
650 1 4 |a Computer Science. 
650 2 4 |a Software Engineering/Programming and Operating Systems. 
710 2 |a SpringerLink (Online service) 
773 0 |t Springer eBooks 
776 0 8 |i Printed edition:  |z 9781590596470 
856 4 0 |u http://dx.doi.org/10.1007/978-1-4302-0175-5  |z Full Text via HEAL-Link 
912 |a ZDB-2-CWD 
950 |a Professional and Applied Computing (Springer-12059)